<?xml version="1.0" encoding="UTF-8"?>
<collection xmlns="http://www.loc.gov/MARC21/slim">
 <record>
  <leader>01457nam a2200205Ia 4500</leader>
  <controlfield tag="001">CTU_153186</controlfield>
  <controlfield tag="008">210402s9999    xx            000 0 und d</controlfield>
  <datafield tag="020" ind1=" " ind2=" ">
   <subfield code="c">40.37</subfield>
  </datafield>
  <datafield tag="082" ind1=" " ind2=" ">
   <subfield code="a">373.1102</subfield>
  </datafield>
  <datafield tag="082" ind1=" " ind2=" ">
   <subfield code="b">E54</subfield>
  </datafield>
  <datafield tag="100" ind1=" " ind2=" ">
   <subfield code="a">Emmer, Edmund T.</subfield>
  </datafield>
  <datafield tag="245" ind1=" " ind2="0">
   <subfield code="a">Classroom management for middle and high school teachers</subfield>
  </datafield>
  <datafield tag="245" ind1=" " ind2="0">
   <subfield code="c">Edmund T. Emmer, Carolyn M. Evertson</subfield>
  </datafield>
  <datafield tag="260" ind1=" " ind2=" ">
   <subfield code="a">Upper Saddle River, N.J.</subfield>
  </datafield>
  <datafield tag="260" ind1=" " ind2=" ">
   <subfield code="b">Pearson</subfield>
  </datafield>
  <datafield tag="260" ind1=" " ind2=" ">
   <subfield code="c">2009</subfield>
  </datafield>
  <datafield tag="520" ind1=" " ind2=" ">
   <subfield code="a">This guide for pre- and in-service middle and high school teachers gives guidelines for managing classroom space, activities, and student behavior. Some areas covered include rules and procedures, managing student work, problem behaviors, and managing special groups such as remedial classes and students with special needs. Each chapter includes activities and preparation checklists in a b&amp;w format with classroom photos and familiar cartoon strips. A companion web site provides authentic classroom videos, interactive simulations on adapting instruction, case studies, selected journal articles, tools for creating and sharing lessons plans and portfolios, and access to news articles on education. This eight edition features a new introductory section offering an account of the authors' and others' classroom research supporting the book's recommendations.</subfield>
  </datafield>
  <datafield tag="650" ind1=" " ind2=" ">
   <subfield code="a">Classroom management,Education, Secondary</subfield>
  </datafield>
  <datafield tag="904" ind1=" " ind2=" ">
   <subfield code="i">Giang</subfield>
  </datafield>
  <datafield tag="980" ind1=" " ind2=" ">
   <subfield code="a">Trung tâm Học liệu Trường Đại học Cần Thơ</subfield>
  </datafield>
 </record>
</collection>
